LOW OF TRANSFER OF PROPERTY (Record no. 8096)

MARC details
000 -LEADER
fixed length control field 00415nam a22001817a 4500
005 - DATE AND TIME OF LATEST TRANSACTION
control field 20230111123638.0
008 - FIXED-LENGTH DATA ELEMENTS--GENERAL INFORMATION
fixed length control field 221217b |||||||| |||| 00| 0 eng d
020 ## - INTERNATIONAL STANDARD BOOK NUMBER
ISBN 9789390715541
041 ## - LANGUAGE CODE
Language code of text/sound track or separate title eng
082 ## - DEWEY DECIMAL CLASSIFICATION NUMBER
Classification number 343 TAL-L
100 ## - MAIN ENTRY--AUTHOR NAME
Personal name TALY , MALIKA
245 ## - TITLE STATEMENT
Title LOW OF TRANSFER OF PROPERTY
250 ## - EDITION STATEMENT
Edition statement 6th ed.
260 ## - PUBLICATION, DISTRIBUTION, ETC. (IMPRINT)
Name of publisher EBC
Year of publication 2022
300 ## - PHYSICAL DESCRIPTION
Number of Pages 470;P.
650 ## - SUBJECT ADDED ENTRY--TOPICAL TERM
Topical Term LAW
942 ## - ADDED ENTRY ELEMENTS (KOHA)
Koha item type Books
Holdings
Lost status Damaged status Collection code Home library Current library Shelving location Date acquired Source of acquisition Cost, normal purchase price Full call number Accession Number Koha item type
    LAW JRU Library JRU Library SHELF- 67 D 21/10/2022 LOHIA BOOK INTERNATIONAL 575.00 343-TAL-L 27036 Books
    LAW JRU Library JRU Library SHELF- 67 D 21/10/2022 LOHIA BOOK INTERNATIONAL 575.00 343-TAL-L 27037 Books